[Event "26e tournoi 1hKO"]
[Site "Montigny le Bretonneux"]
[Date "2024.05.09"]
[Round "3.11"]
[White "Corbeau, Lou"]
[Black "Neveu, Raphael"]
[Result "0-1"]
[WhiteElo "1445"]
[BlackElo "1626"]
[Annotator "Rivier,Sylvain"]
[PlyCount "42"]
[EventDate "2024.??.??"]
[WhiteTeam "Nogent le Roi"]
[BlackTeam "La Dame Noire"]

{Défense Grünfeld, variante d'échange} 1. d4 Nf6 2. c4 g6 3. Nc3 d5 4. cxd5
Nxd5 5. e4 Nxc3 6. bxc3 Bg7 7. Nf3 c5 8. Bb2 Bg4 9. Be2 cxd4 10. cxd4 Nc6 11.
Qa4 O-O 12. Rd1 Qb6 13. Bc3 Rfd8 14. O-O Bxf3 15. Bxf3 Nxd4 16. Ba5 Qa6 17. Rc1
Nxf3+ 18. gxf3 b6 19. Rc6 Qxa5 20. Qc2 Qg5+ 21. Kh1 Qf4 0-1

[Event "26e tournoi 1hKO"]
[Site "Montigny le Bretonneux"]
[Date "2024.05.09"]
[Round "3.12"]
[White "Baysse, Nathan"]
[Black "Badjate, Nishchal"]
[Result "1-0"]
[WhiteElo "1601"]
[BlackElo "1199"]
[Annotator "Rivier,Sylvain"]
[PlyCount "67"]
[EventDate "2024.??.??"]
[WhiteTeam "La Dame Noire"]
[BlackTeam "La Dame Noire"]

{Défense Pirc, variante classique} 1. e4 d6 2. d4 g6 3. h3 Bg7 4. Nf3 Nf6 5.
Nc3 d5 6. e5 Ne4 7. Qd3 Bf5 8. Qb5+ Nd7 9. Qxd5 Nxc3 10. bxc3 c6 11. Qb3 Rb8
12. Bc4 O-O 13. O-O b5 14. Bd3 Be6 15. Qb2 a6 16. Be3 c5 17. Ng5 Bd5 18. Bf4
cxd4 19. cxd4 Bc4 20. e6 Bxe6 21. Nxe6 fxe6 22. Bxb8 Nxb8 23. c3 e5 24. Qb3+
Rf7 25. d5 b4 26. cxb4 e4 27. Bxe4 Bxa1 28. Rxa1 Rf6 29. Rd1 Kf8 30. Bf3 Qb6
31. Qc3 Rf4 32. a3 h5 33. Re1 Rf7 34. Qh8# 1-0

[Event "26e tournoi 1hKO"]
[Site "Montigny le Bretonneux"]
[Date "2024.05.09"]
[Round "3.13"]
[White "Couradin, Bruno"]
[Black "El Ghak, Karim"]
[Result "1-0"]
[WhiteElo "1579"]
[BlackElo "1199"]
[Annotator "Rivier,Sylvain"]
[PlyCount "135"]
[EventDate "2024.??.??"]
[WhiteTeam "La Dame Noire"]
[BlackTeam "La Dame Noire"]

{Défense Caro-Kann} 1. e4 c6 2. d4 d5 3. Nc3 dxe4 4. Nxe4 Nf6 5. Nxf6+ exf6 6.
Nf3 Bd6 7. Bc4 Qe7+ 8. Be3 O-O 9. O-O Be6 10. Bd3 Re8 11. Re1 Nd7 12. c4 Nf8
13. Bd2 Qd7 14. Qc2 Bg4 15. Be2 Bf5 16. Qc3 Re7 17. Bd3 Rae8 18. Rxe7 Rxe7 19.
c5 Bb8 20. Nh4 Bxd3 21. Qxd3 Qg4 22. Nf3 Ne6 23. h3 Qg6 24. Qxg6 fxg6 25. Re1
Kf7 26. g3 Rd7 27. Bc3 Nc7 28. a4 Nd5 29. Bd2 Bc7 30. Re4 Re7 31. Rxe7+ Kxe7
32. Kf1 Ke6 33. Ke2 b6 34. Kd3 Bd8 35. Kc4 Ne7 36. Bf4 Kd7 37. b4 Bc7 38. Bxc7
Kxc7 39. b5 Nd5 40. Nd2 f5 41. Nf3 Nf6 42. Ne5 cxb5+ 43. axb5 bxc5 44. dxc5 Ne4
45. Nd3 g5 46. Kd5 Nf6+ 47. Ke6 Nd7 48. Kxf5 a5 49. bxa6 Kb8 50. Ke6 Nf6 51.
Ne5 Ka7 52. Nd7 Ne8 53. c6 Nc7+ 54. Kf7 Kxa6 55. Kxg7 h5 56. Kg6 h4 57. Kxg5
hxg3 58. fxg3 Kb5 59. Ne5 Kc5 60. Kf5 Kd6 61. h4 Ke7 62. h5 Ne8 63. Kg6 Kf8 64.
h6 Nd6 65. c7 Kg8 66. g4 Kh8 67. Nf7+ Kg8 68. Nxd6 1-0

[Event "26e tournoi 1hKO"]
[Site "Montigny le Bretonneux"]
[Date "2024.05.09"]
[Round "3.14"]
[White "Adsul, Tanush"]
[Black "Spinos, Steven"]
[Result "0-1"]
[WhiteElo "1199"]
[BlackElo "1573"]
[Annotator "Rivier,Sylvain"]
[PlyCount "54"]
[EventDate "2024.??.??"]
[WhiteTeam "La Dame Noire"]
[BlackTeam "La Tour de Mantes"]

{Défense française} 1. e4 e6 2. Nf3 d5 3. e5 c5 4. b3 Nc6 5. Bb2 Nge7 6. d4
Qb6 7. c4 Nf5 8. cxd5 exd5 9. dxc5 Bxc5 10. Qxd5 Bxf2+ 11. Ke2 Be6 12. Qd3 Rd8
13. Qe4 Ncd4+ 14. Kxf2 Nxb3+ 15. Ke1 Nxa1 16. Bxa1 O-O 17. Nbd2 Rc8 18. Nc4
Qb4+ 19. Kd1 Rfd8+ 20. Nd6 Qxe4 21. Nd2 Ne3+ 22. Ke2 Bg4+ 23. Kf2 Nd1+ 24. Kg3
Qe3+ 25. Kxg4 Nf2+ 26. Kh4 Qf4+ 27. g4 Qxg4# 0-1

[Event "26e tournoi 1hKO"]
[Site "Montigny le Bretonneux"]
[Date "2024.05.09"]
[Round "3.15"]
[White "Orfila, Leila"]
[Black "Bouloc, Roger"]
[Result "0-1"]
[WhiteElo "1009"]
[BlackElo "1567"]
[Annotator "Rivier,Sylvain"]
[PlyCount "30"]
[EventDate "2024.??.??"]
[WhiteTeam "Club d'Echecs de Guyancourt"]
[BlackTeam "La Dame Noire"]

{Défense sicilienne} 1. e4 c5 2. Nf3 d6 3. Bc4 Bg4 4. O-O e6 5. d3 Nc6 6. Bg5
Be7 7. Bxe7 Ngxe7 8. Nc3 O-O 9. a3 Nd4 10. Ba2 Nxf3+ 11. gxf3 Bh5 12. Bb1 Nc6
13. Ne2 Bxf3 14. h3 Qg5+ 15. Kh2 Qg2# 0-1

[Event "26e tournoi 1hKO"]
[Site "Montigny le Bretonneux"]
[Date "2024.05.09"]
[Round "3.16"]
[White "Gabory, Donatien"]
[Black "Chevrier, Denis"]
[Result "0-1"]
[WhiteElo "1009"]
[BlackElo "1738"]
[Annotator "Rivier,Sylvain"]
[PlyCount "50"]
[EventDate "2024.??.??"]
[WhiteTeam "Club d'Echecs de Guyancourt"]
[BlackTeam "Club d'Echecs de l'Arpajonnais"]

{Défense sicilienne, variante Rossolimo} 1. e4 c5 2. Nf3 Nc6 3. Bc4 e6 4. O-O
Nf6 5. e5 Ng4 6. d3 Ngxe5 7. Bg5 Nxf3+ 8. Qxf3 Qxg5 9. Bxe6 dxe6 10. Re1 Nd4
11. Qxf7+ Kxf7 12. c3 Nf3+ 13. Kf1 Nxh2+ 14. Kg1 Nf3+ 15. Kf1 Nxe1 16. Nd2 Qxd2
17. Rxe1 Qxd3+ 18. Re2 b6 19. f3 Ba6 20. c4 Bxc4 21. Kf2 Qxe2+ 22. Kg3 Bd6+ 23.
f4 Qe3+ 24. Kg4 Be2+ 25. Kg5 Qxf4# 0-1

[Event "26e tournoi 1hKO"]
[Site "Montigny le Bretonneux"]
[Date "2024.05.09"]
[Round "3.17"]
[White "Ruiz, Alexandra"]
[Black "Carbonero, Jean Marc"]
[Result "1-0"]
[WhiteElo "1518"]
[BlackElo "1299"]
[Annotator "Rivier,Sylvain"]
[PlyCount "49"]
[EventDate "2024.??.??"]
[WhiteTeam "Club d'Echecs du Vesinet"]
[BlackTeam "Saint-Quentin en Yvelines"]

{Partie italienne} 1. e4 e5 2. Nf3 Nc6 3. Bc4 d6 4. d4 Be7 5. Nc3 Bd7 6. Nd5
Be6 7. O-O Nf6 8. Nxf6+ Bxf6 9. d5 Na5 10. dxe6 Nxc4 11. exf7+ Kxf7 12. Qd5+
Kg6 13. Qxc4 Qd7 14. Be3 b5 15. Qe2 a6 16. h4 h5 17. Bg5 Qg4 18. Bxf6 Kxf6 19.
Rae1 Rag8 20. Qe3 c6 21. Qg5+ Qxg5 22. Nxg5 Rh6 23. f4 g6 24. fxe5+ Kxe5 25.
Nf7+ 1-0

[Event "26e tournoi 1hKO"]
[Site "Montigny le Bretonneux"]
[Date "2024.05.09"]
[Round "3.18"]
[White "Fasquelle, Yann"]
[Black "Gabory, Clement"]
[Result "1-0"]
[WhiteElo "1569"]
[BlackElo "1009"]
[Annotator "Rivier,Sylvain"]
[PlyCount "63"]
[EventDate "2024.??.??"]
[WhiteTeam "Saint-Quentin en Yvelines"]
[BlackTeam "Club d'Echecs de Guyancourt"]

{Partie espagnole, variante Cordel} 1. e4 e5 2. Nf3 Nc6 3. Bb5 Bc5 4. Bxc6 bxc6
5. Nxe5 Nf6 6. d3 O-O 7. Bg5 d6 8. Nf3 Bg4 9. Nbd2 Qe7 10. h3 Bh5 11. Qe2 Rfe8
12. g4 Bg6 13. O-O-O Qe6 14. Kb1 Re7 15. Rde1 Rae8 16. h4 h6 17. h5 hxg5 18.
hxg6 fxg6 19. Nxg5 Qe5 20. Ndf3 Qd4 21. Nxd4 Bxd4 22. f3 Re5 23. f4 Ra5 24. Qh2
Kf8 25. Qh8+ Ke7 26. Qxg7+ Kd8 27. Qxg6 Nd7 28. Ne6+ Kc8 29. Qxe8+ Kb7 30. Nxd4
Nf6 31. Qxc6+ Kc8 32. Rh8+ 1-0

[Event "26e tournoi 1hKO"]
[Site "Montigny le Bretonneux"]
[Date "2024.05.09"]
[Round "3.19"]
[White "Elie, Nicolas"]
[Black "Zoubko, Kyril"]
[Result "0-1"]
[WhiteElo "1009"]
[BlackElo "1199"]
[Annotator "Rivier,Sylvain"]
[PlyCount "52"]
[EventDate "2024.??.??"]
[WhiteTeam "Club d'Echecs de Guyancourt"]
[BlackTeam "La Dame Noire"]

{Partie italienne} 1. e4 e5 2. Nf3 Nc6 3. Nc3 Nf6 4. Bc4 Bc5 5. O-O d6 6. Qe1
O-O 7. d3 Bg4 8. Bg5 Bxf3 9. gxf3 Nd4 10. Qe3 Nxc2 11. Qd2 Nd4 12. Nd5 Nxf3+
13. Kh1 Nxd2 14. Nxf6+ gxf6 15. Bh6 Nf3 16. Kg2 Ng5 17. Kh1 Kh8 18. Rg1 Rg8 19.
Rg4 Rg6 20. Bxg5 Rxg5 21. Bxf7 Rxg4 22. f3 Rg7 23. Bd5 c6 24. Be6 Qa5 25. a3
Qd2 26. Rb1 Qg2# 0-1

[Event "26e tournoi 1hKO"]
[Site "Montigny le Bretonneux"]
[Date "2024.05.09"]
[Round "3.20"]
[White "El Yaalaoui, Asiya"]
[Black "Hellal, Ayoub"]
[Result "0-1"]
[WhiteElo "1099"]
[BlackElo "1009"]
[Annotator "Rivier,Sylvain"]
[PlyCount "70"]
[EventDate "2024.??.??"]
[WhiteTeam "Club d'Echecs de Guyancourt"]
[BlackTeam "La Dame Noire"]

{Partie des quatre cavaliers, variante espagnole} 1. e4 e5 2. Nf3 Nc6 3. Nc3
Nf6 4. Bb5 Bc5 5. O-O O-O 6. d3 d6 7. Bg5 Nd4 8. Nxd4 Bxd4 9. Nd5 c6 10. Nxf6+
gxf6 11. Bh6 Re8 12. Qg4+ Bxg4 13. Ba4 Bxb2 14. Rab1 Bd4 15. Bb3 Bc3 16. h3 Be2
17. Rfc1 Bd2 18. Bxd2 Kh8 19. Bxf7 Rf8 20. Bb3 Rg8 21. Bxg8 Qxg8 22. Re1 Bf3
23. g3 Rf8 24. Re3 Bh5 25. g4 b5 26. Kf1 Bf7 27. h4 Qxg4 28. c3 Rg8 29. Rg3
Qxh4 30. Rxg8+ Kxg8 31. c4 Qh1+ 32. Ke2 Qxb1 33. cxb5 Bh5+ 34. Ke3 Qa1 35. bxc6
Qd4# 0-1

[Event "26e tournoi 1hKO"]
[Site "Montigny le Bretonneux"]
[Date "2024.05.09"]
[Round "3.21"]
[White "Orfila, Hugo"]
[Black "Berhaut, Antoine"]
[Result "1-0"]
[WhiteElo "1009"]
[BlackElo "1009"]
[Annotator "Rivier,Sylvain"]
[PlyCount "63"]
[EventDate "2024.??.??"]
[WhiteTeam "Club d'Echecs de Guyancourt"]
[BlackTeam "Club d'Echecs de Guyancourt"]

{Partie italienne} 1. e4 e5 2. Nf3 Nc6 3. Bc4 Bc5 4. Nc3 Nf6 5. O-O O-O 6. d3
h6 7. Be3 Bxe3 8. fxe3 d6 9. h3 Na5 10. b3 Nxc4 11. bxc4 Be6 12. Nd5 Bxd5 13.
cxd5 c6 14. dxc6 bxc6 15. Rb1 Rb8 16. Rxb8 Qxb8 17. Nd2 d5 18. exd5 cxd5 19.
Nf3 e4 20. dxe4 dxe4 21. Nd4 Rd8 22. c4 Qg3 23. Qe2 Rc8 24. Nf5 Qe5 25. a4 g6
26. Nd4 Rxc4 27. Qxc4 Qg3 28. Qc8+ Kg7 29. Qc6 g5 30. Nf5+ Kh7 31. Nxg3 g4 32.
Qxf6 1-0

[Event "26e tournoi 1hKO"]
[Site "Montigny le Bretonneux"]
[Date "2024.05.11"]
[Round "4.1"]
[White "El Farihi, Mohsine"]
[Black "Lim, Chin"]
[Result "1-0"]
[WhiteElo "2073"]
[BlackElo "1914"]
[Annotator "Rivier,Sylvain"]
[PlyCount "86"]
[EventDate "2024.??.??"]
[WhiteTeam "Gambit Roi de Carrieres sur Seine"]
[BlackTeam "La Dame Noire"]

1. d4 Nf6 2. Nf3 g6 3. e3 Bg7 4. Be2 d6 5. b3 O-O 6. Bb2 Nc6 7. O-O Bf5 8. a3
a6 9. c4 Re8 10. d5 Nb8 11. Nd4 Bd7 12. Nc3 c5 13. dxc6 Nxc6 14. b4 Rc8 15. Rc1
Ne5 16. Qb3 Qc7 17. Rfd1 Bg4 18. f3 Bd7 19. a4 Nc6 20. Nd5 Qd8 21. a5 Nxd5 22.
Nxc6 Bxc6 23. cxd5 Bd7 24. Rxc8 Qxc8 25. Rc1 Qb8 26. Bxg7 Kxg7 27. Qc3+ f6 28.
Qc7 Qc8 29. Kf2 h5 30. e4 h4 31. Ke3 Kf7 32. f4 Rd8 33. Kd4 Qa8 34. Qb6 Rc8 35.
Rc7 Rxc7 36. Qxc7 Qa7+ 37. Qb6 Qxb6+ 38. axb6 Ba4 39. Bxa6 Ke8 40. Bxb7 Kd8 41.
e5 Bb5 42. Bc6 Bf1 43. g3 {suite illisible} Bb5 1-0

[Event "26e tournoi 1hKO"]
[Site "Montigny le Bretonneux"]
[Date "2024.05.11"]
[Round "4.2"]
[White "Forissier, Nicolas"]
[Black "Briquet, Tom"]
[Result "1/2-1/2"]
[WhiteElo "1931"]
[BlackElo "1901"]
[Annotator "Rivier,Sylvain"]
[PlyCount "56"]
[EventDate "2024.??.??"]
[WhiteTeam "La Dame Noire"]
[BlackTeam "Palamede Echecs"]

{Gambit dame, défense Tarrasch} 1. d4 d5 2. c4 e6 3. Nc3 c5 4. e3 Nf6 5. cxd5
exd5 6. dxc5 Bxc5 7. Nf3 Nc6 8. Be2 O-O 9. Nb5 Bg4 10. O-O Re8 11. a3 a6 12.
Nbd4 Nxd4 13. Nxd4 Bxe2 14. Nxe2 Ne4 15. Qd3 Bd6 16. g3 Bc7 17. b4 Qf6 18. Rb1
Rad8 19. Bb2 Qf3 20. Nd4 Qh5 21. Rbd1 Qh3 22. Qe2 Rd6 23. Qf3 Rh6 24. Qg2 Qh5
25. Rfe1 Ng5 26. h4 Ne4 27. Ne2 Qf5 28. Nc3 Rd6 1/2-1/2

[Event "26e tournoi 1hKO"]
[Site "Montigny le Bretonneux"]
[Date "2024.05.11"]
[Round "4.3"]
[White "Pelletier, Sylvain"]
[Black "Briquet, Jean-Pierre"]
[Result "0-1"]
[WhiteElo "1598"]
[BlackElo "1981"]
[Annotator "Rivier,Sylvain"]
[PlyCount "51"]
[EventDate "2024.??.??"]
[WhiteTeam "Club d'Echecs de Guyancourt"]
[BlackTeam "Palamede Echecs"]

1. e4 c6 2. d4 d5 3. exd5 cxd5 4. Bd3 Nc6 5. c3 g6 6. Bf4 Bf5 7. Bxf5 gxf5 8.
Nd2 Nf6 9. Ngf3 e6 10. Qe2 Ne4 11. O-O-O Rg8 12. Rhg1 Qa5 13. Kb1 Be7 14. Qe3
b5 15. Nb3 Qb6 16. Ne5 a5 17. f3 a4 18. fxe4 axb3 19. a3 fxe4 20. Qf2 Nxe5 21.
Bxe5 b4 22. cxb4 Bxb4 23. Rgf1 Qa7 24. Rc1 Qa6 25. Rc7 Qd3+ 26. Kc1 {suite
illisible} 0-1

[Event "26e tournoi 1hKO"]
[Site "Montigny le Bretonneux"]
[Date "2024.05.11"]
[Round "4.4"]
[White "Nosperger, Mael"]
[Black "Gaziello, Marc"]
[Result "1/2-1/2"]
[WhiteElo "1727"]
[BlackElo "1716"]
[Annotator "Rivier,Sylvain"]
[PlyCount "40"]
[EventDate "2024.??.??"]
[WhiteTeam "Palamede Echecs"]
[BlackTeam "Club d'Echecs de l'Arpajonnais"]

{Gambit dame, variante d'échange} 1. d4 Nf6 2. c4 e6 3. Nc3 d5 4. cxd5 exd5 5.
Bg5 Be7 6. e3 O-O 7. Bd3 c6 8. h3 Nbd7 9. Nf3 Re8 10. O-O Nf8 11. Qc2 Ng6 12.
Rab1 Bd6 13. b4 a6 14. Na4 h6 15. Bxh6 gxh6 16. Bxg6 Bxh3 17. Bf5 Bxf5 18. Qxf5
Ne4 19. Nc5 Rb8 20. Nd7 Rc8 1/2-1/2

[Event "26e tournoi 1hKO"]
[Site "Montigny le Bretonneux"]
[Date "2024.05.11"]
[Round "4.5"]
[White "Spinos, Steven"]
[Black "Appavou, Calixte"]
[Result "0-1"]
[WhiteElo "1573"]
[BlackElo "1787"]
[Annotator "Rivier,Sylvain"]
[PlyCount "67"]
[EventDate "2024.??.??"]
[WhiteTeam "La Tour de Mantes"]
[BlackTeam "Saint-Quentin en Yvelines"]

1. d4 d5 2. c4 c6 3. Nc3 Nf6 4. Nf3 Nbd7 5. e3 g6 6. cxd5 cxd5 7. Bd3 Bg7 8.
O-O O-O 9. Re1 b6 10. e4 dxe4 11. Nxe4 Bb7 12. Bg5 Re8 13. Rc1 Rc8 14. Rxc8
Qxc8 15. Qd2 Nxe4 16. Bxe4 Bxe4 17. Rxe4 Nf6 18. Rh4 h5 19. h3 Nh7 20. Bh6 Bf6
21. Re4 Qf5 22. Qd3 Qd5 23. Bf4 e6 24. b3 Rc8 25. Qe3 Qc6 26. g4 hxg4 27. hxg4
Bg7 28. Bh6 Bxh6 29. Qxh6 Qc1+ 30. Qxc1 Rxc1+ 31. Kg2 Nf6 32. Kg3 Nd5 33. Re1
Rc2 34. a4 {suite illisible} 0-1

[Event "26e tournoi 1hKO"]
[Site "Montigny le Bretonneux"]
[Date "2024.05.11"]
[Round "4.6"]
[White "Neveu, Raphael"]
[Black "Corbillet, Mathieu"]
[Result "1/2-1/2"]
[WhiteElo "1626"]
[BlackElo "1699"]
[Annotator "Rivier,Sylvain"]
[PlyCount "72"]
[EventDate "2024.??.??"]
[WhiteTeam "La Dame Noire"]
[BlackTeam "La Dame Noire"]

{Partie italienne, guiocco piano} 1. e4 e5 2. Nf3 Nc6 3. Bc4 Bc5 4. c3 Nf6 5.
d3 d6 6. a4 a5 7. Nbd2 O-O 8. O-O h6 9. h3 Be6 10. Bxe6 fxe6 11. Re1 Nh7 12.
Nf1 Ne7 13. d4 exd4 14. cxd4 Bb6 15. Ng3 Ng6 16. Be3 Nh4 17. Nxh4 Qxh4 18. Qh5
Qxh5 19. Nxh5 Rf7 20. Rac1 Raf8 21. Rc2 c6 22. f3 Bc7 23. Kf2 g5 24. Rec1 Nf6
25. Nxf6+ Rxf6 26. Ke2 d5 27. e5 R6f7 28. Kd3 Rb8 29. Rc3 Kg7 30. Rb3 Rff8 31.
Rc5 Rfc8 32. Bd2 Bd8 33. Rc1 Kg6 34. Ke3 Kf7 35. Kf2 Kg6 36. Kg3 Kf5 1/2-1/2

[Event "26e tournoi 1hKO"]
[Site "Montigny le Bretonneux"]
[Date "2024.05.11"]
[Round "4.7"]
[White "Ancey, Remi"]
[Black "Bordier, Hugo"]
[Result "0-1"]
[WhiteElo "1483"]
[BlackElo "1693"]
[Annotator "Rivier,Sylvain"]
[PlyCount "54"]
[EventDate "2024.??.??"]
[WhiteTeam "Club d'Echecs de Triel sur Seine"]
[BlackTeam "Echiquier de la Butte"]

{Défense française, variante Rubinstein} 1. e4 e6 2. d4 d5 3. Nc3 dxe4 4.
Nxe4 Nd7 5. Nf3 Ngf6 6. Bd3 c5 7. c3 cxd4 8. Nxd4 Be7 9. O-O O-O 10. Be3 Qc7
11. Nf3 b6 12. Ng3 Bb7 13. Be2 Rad8 14. Qc2 Nd5 15. Qd3 Nc5 16. Bxc5 Bxc5 17.
Qb1 Nf4 18. b4 Bd6 19. Qb2 Nxe2+ 20. Qxe2 Qxc3 21. a3 Bb8 22. Rfc1 Qf6 23. Ne4
Qf4 24. Ng3 Rd5 25. Rc4 Qf6 26. Qe3 Qxa1+ 27. Nf1 Rd1 0-1

[Event "26e tournoi 1hKO"]
[Site "Montigny le Bretonneux"]
[Date "2024.05.11"]
[Round "4.8"]
[White "Guerillon, Sylvain"]
[Black "Baysse, Nathan"]
[Result "0-1"]
[WhiteElo "1687"]
[BlackElo "1601"]
[Annotator "Rivier,Sylvain"]
[PlyCount "102"]
[EventDate "2024.??.??"]
[WhiteTeam "Club d'Echecs de Triel sur Seine"]
[BlackTeam "La Dame Noire"]

1. d4 d5 2. Nf3 Nf6 3. Bf4 Nc6 4. e3 a6 5. c3 Bg4 6. Nbd2 e6 7. Bd3 Be7 8. h3
Bh5 9. Qc2 Bg6 10. O-O O-O 11. Ne5 Nxe5 12. dxe5 Nd7 13. Bh2 Nc5 14. Bxg6 fxg6
15. f4 a5 16. Rad1 Qe8 17. e4 dxe4 18. Nxe4 Qc6 19. Nxc5 Bxc5+ 20. Kh1 Rfd8 21.
Bg1 Be7 22. Bd4 Rd5 23. Qe4 Rad8 24. Rc1 a4 25. Be3 Qa6 26. Qc2 Rd3 27. Qe2 Qc4
28. Rcd1 Qe4 29. Rxd3 Rxd3 30. Re1 Bh4 31. Qg4 Rxe3 32. Rxe3 Qxe3 33. Qxh4 Kf7
34. Qd8 Qc5 35. Qd7+ Qe7 36. Qxe7+ Kxe7 37. g4 Kd7 38. Kg2 Kc6 39. Kf3 Kd5 40.
Ke3 b5 41. Kd3 g5 42. fxg5 Kxe5 43. Ke3 g6 44. h4 Kd5 45. h5 c6 46. Kd3 c5 47.
a3 e5 48. Ke3 Kd6 49. Ke4 Ke6 50. Ke3 Kd5 51. Kf3 Kc4 {suite non notée} 0-1

[Event "26e tournoi 1hKO"]
[Site "Montigny le Bretonneux"]
[Date "2024.05.11"]
[Round "4.9"]
[White "Couradin, Jean-Marie"]
[Black "Couradin, Bruno"]
[Result "1/2-1/2"]
[WhiteElo "1679"]
[BlackElo "1579"]
[Annotator "Rivier,Sylvain"]
[PlyCount "79"]
[EventDate "2024.??.??"]
[WhiteTeam "La Dame Noire"]
[BlackTeam "La Dame Noire"]

{Défense française, variante d'échange} 1. e4 e6 2. d4 d5 3. exd5 exd5 4.
Bd3 Nc6 5. Nf3 Bg4 6. c3 Nf6 7. O-O Bd6 8. Qe2+ Qe7 9. Qxe7+ Bxe7 10. Bf4 Bxf3
11. gxf3 O-O-O 12. Nd2 Bd6 13. Bg3 h5 14. Bf5+ Kb8 15. h4 g6 16. Bh3 Rhg8 17.
Kh2 g5 18. hxg5 Rxg5 19. Bxd6 Rxd6 20. Rg1 Rg6 21. Rg3 h4 22. Rxg6 fxg6 23. Rg1
Nh5 24. Rg4 Ne7 25. Rxh4 Rf6 26. Bg4 c6 27. Bxh5 gxh5 28. Rxh5 Kc7 29. Kg3 Kd6
30. Re5 Ng6 31. Re8 Rf8 32. Rxf8 Nxf8 33. f4 Ne6 34. Nf3 c5 35. f5 Ng7 36. Kg4
cxd4 37. cxd4 Ke7 38. Ne5 Kf6 39. Nd7+ Kf7 40. Ne5+ 1/2-1/2

[Event "26e tournoi 1hKO"]
[Site "Montigny le Bretonneux"]
[Date "2024.05.11"]
[Round "4.10"]
[White "Bouloc, Roger"]
[Black "Ruiz, Alexandra"]
[Result "0-1"]
[WhiteElo "1567"]
[BlackElo "1518"]
[Annotator "Rivier,Sylvain"]
[PlyCount "65"]
[EventDate "2024.??.??"]
[WhiteTeam "La Dame Noire"]
[BlackTeam "Club d'Echecs du Vesinet"]

{Défense sicilienne, fianchetto accéléré} 1. e4 c5 2. Nf3 g6 3. d4 cxd4 4.
Nxd4 Bg7 5. Bc4 Nc6 6. Qf3 Nf6 7. c3 Ne5 8. Qe2 Nxc4 9. Qxc4 Nxe4 10. O-O d5
11. Qd3 O-O 12. Nd2 Nxd2 13. Bxd2 e5 14. Nb3 Bf5 15. Qb5 b6 16. Rfe1 a6 17. Qe2
Re8 18. h3 d4 19. cxd4 exd4 20. Qf3 Rc8 21. Rxe8+ Qxe8 22. Nc1 Qe4 23. Qxe4
Bxe4 24. f3 Bf5 25. g4 Bd7 26. a4 Rc2 27. Bf4 Rxb2 28. Nd3 Rb3 29. Ne5 Bxe5 30.
Bxe5 d3 31. Rd1 Bxa4 32. Kf2 Rb2+ 33. Ke3 0-1

[Event "26e tournoi 1hKO"]
[Site "Montigny le Bretonneux"]
[Date "2024.05.11"]
[Round "4.11"]
[White "Chevrier, Denis"]
[Black "Fasquelle, Yann"]
[Result "1-0"]
[WhiteElo "1738"]
[BlackElo "1569"]
[Annotator "Rivier,Sylvain"]
[PlyCount "51"]
[EventDate "2024.??.??"]
[WhiteTeam "Club d'Echecs de l'Arpajonnais"]
[BlackTeam "Saint-Quentin en Yvelines"]

{Ouverture anglaise, défense anglo-Grünfeld} 1. c4 Nf6 2. Nc3 g6 3. e3 Bg7 4.
g3 c6 5. Bg2 O-O 6. Nge2 e6 7. O-O d5 8. b3 Nbd7 9. d4 h5 10. h3 Qc7 11. cxd5
exd5 12. Ba3 Re8 13. Rc1 Nb6 14. Nf4 Bf5 15. Nfxd5 Nbxd5 16. Nxd5 Nxd5 17. Bxd5
Qa5 18. Bxf7+ Kxf7 19. g4 hxg4 20. hxg4 Rh8 21. Qf3 Rag8 22. Bd6 Rh4 23. gxf5
gxf5 24. Bg3 Rg4 25. Rc5 Qxc5 26. dxc5 1-0

[Event "26e tournoi 1hKO"]
[Site "Montigny le Bretonneux"]
[Date "2024.05.11"]
[Round "4.12"]
[White "Goujon, Antoine"]
[Black "El Ghak, Karim"]
[Result "1-0"]
[WhiteElo "1762"]
[BlackElo "1199"]
[Annotator "Rivier,Sylvain"]
[PlyCount "70"]
[EventDate "2024.??.??"]
[WhiteTeam "CE Le Roi Soleil - Le Chesnay - Versailles"]
[BlackTeam "La Dame Noire"]

{Partie du pion dame} 1. d4 d5 2. Nc3 Nf6 3. Bf4 c6 4. e3 Bf5 5. Nf3 e6 6. Ne5
h6 7. Bd3 Bxd3 8. cxd3 Nbd7 9. O-O Be7 10. Qb3 Qb6 11. Qc2 Nh5 12. Nxd7 Kxd7
13. Na4 Qa5 14. Be5 f6 15. Bg3 Nxg3 16. hxg3 Rac8 17. Rfc1 h5 18. a3 h4 19. b4
Qc7 20. g4 Bd6 21. Nc5+ Ke7 22. f4 e5 23. dxe5 fxe5 24. f5 Rcg8 25. Ne6 Qb6 26.
d4 h3 27. Nc5 Qc7 28. Re1 e4 29. Re2 h2+ 30. Kh1 Bg3 31. Rf1 Qd6 32. Nxb7 Qc7
33. Qc5+ Kd7 34. Qc3 Rf8 35. Rc2 g6 1-0

[Event "26e tournoi 1hKO"]
[Site "Montigny le Bretonneux"]
[Date "2024.05.11"]
[Round "4.13"]
[White "Badjate, Nishchal"]
[Black "Branson, James"]
[Result "0-1"]
[WhiteElo "1199"]
[BlackElo "1680"]
[Annotator "Rivier,Sylvain"]
[PlyCount "50"]
[EventDate "2024.??.??"]
[WhiteTeam "La Dame Noire"]
[BlackTeam "Club d'Echecs de Guyancourt"]

{Partie du pion dame} 1. Nf3 d5 2. d4 c6 3. Bf4 Nd7 4. e3 g6 5. Ne5 Ngf6 6. Qd2
Qb6 7. c3 Bg7 8. c4 Ne4 9. Nxd7 Bxd7 10. Qc2 Qa5+ 11. Nc3 Bf5 12. Bd3 Nxc3 13.
bxc3 Bxd3 14. Qxd3 Rc8 15. O-O O-O 16. Rac1 a6 17. cxd5 cxd5 18. Qc2 Rc4 19.
Be5 f6 20. Bd6 exd6 21. e4 Rfc8 22. Qb2 b5 23. Qb4 Qxb4 24. cxb4 Rxc1 25. Rxc1
Rxc1# 0-1

[Event "26e tournoi 1hKO"]
[Site "Montigny le Bretonneux"]
[Date "2024.05.11"]
[Round "4.14"]
[White "Gabory, Donatien"]
[Black "Meddour, Ithri"]
[Result "0-1"]
[WhiteElo "1009"]
[BlackElo "1563"]
[Annotator "Rivier,Sylvain"]
[PlyCount "44"]
[EventDate "2024.??.??"]
[WhiteTeam "Club d'Echecs de Guyancourt"]
[BlackTeam "Saint-Quentin en Yvelines"]

{Défense sicilienne} 1. e4 e6 2. Nf3 c5 3. d4 d5 4. Bg5 Qb6 5. Bd3 cxd4 6. O-O
Bd7 7. c3 Qxb2 8. Ne5 Be7 9. Bxe7 Nxe7 10. Nxd7 Nxd7 11. exd5 exd5 12. Re1 dxc3
13. Qe2 Qxe2 14. Rxe2 Rc8 15. Rc2 d4 16. Bb5 Rc7 17. Na3 d3 18. Rcc1 d2 19. Rc2
O-O 20. Bxd7 Rxd7 21. Rxc3 d1=Q+ 22. Rxd1 Rxd1# 0-1